000 01346nam0a22003731 4500
001 RU\NLR\CVI\005118396
005 20251118181609.6
035 _a(NLR Aleph) 005118396
035 _av19\rc\2040927
090 _a13424329
_c13424329
100 _a20080925e19171917|||y0rusy50 ca
101 0 _arus
102 _aRU
105 _ay z |||||
200 1 _aНогайская сказка об "Ак-Кöбöк'е"
_fП.А. Фалев
210 _aПетроград
_cтип. Рос. акад. наук
_d1917
215 _a189-196 с.
_d30
309 _aБез тит. л.
311 _aОтт. из 5 т. "Сб. Музея антропологии и этнографии при Рос. акад. наук"
488 0 _12001#$aСборник Музея антропологии и этнографии при Российской академии наук$vТ. 5
532 1 3 _aНогайская сказка об Ак-Кöбöке
700 1 _aФалев
_bП. А.
_f1888-1922
_gПавел Александрович
801 0 _aRU
_bNLR
_gpsbo
801 0 _aRU
_bRuMoRGB
_2psbo
801 1 _aRU
_bProSoft-M
_2rusmarc
852 _aNLR
_jКрI-1256
852 _aNLR
_j37.58.2.298
899 _aRuMoRGB
_jV 214/226
899 _aБАН
899 _aНБ СПбГУ
942 _cBOOK
980 _aNB
980 _aKRCH